<?xml version="1.0" encoding="UTF-8"?>
<record
    xmlns:xsi="http://www.w3.org/2001/XMLSchema-instance"
    xsi:schemaLocation="http://www.loc.gov/MARC21/slim http://www.loc.gov/standards/marcxml/schema/MARC21slim.xsd"
    xmlns="http://www.loc.gov/MARC21/slim">

  <leader>00738nmm a22002297a 4500</leader>
  <controlfield tag="005">20170608085519.0</controlfield>
  <controlfield tag="008">170512b        xxu||||| |||| 00| 0 spa d</controlfield>
  <datafield tag="020" ind1=" " ind2=" ">
    <subfield code="a">9589308813</subfield>
  </datafield>
  <datafield tag="041" ind1=" " ind2=" ">
    <subfield code="a">spa</subfield>
  </datafield>
  <datafield tag="082" ind1=" " ind2=" ">
    <subfield code="a">775 DC</subfield>
  </datafield>
  <datafield tag="100" ind1=" " ind2=" ">
    <subfield code="a">Thoumi, Samira</subfield>
    <subfield code="9">42600</subfield>
  </datafield>
  <datafield tag="245" ind1=" " ind2=" ">
    <subfield code="a">Motivaci&#xF3;n en los ni&#xF1;os</subfield>
  </datafield>
  <datafield tag="260" ind1=" " ind2=" ">
    <subfield code="a">Colombia</subfield>
  </datafield>
  <datafield tag="260" ind1=" " ind2=" ">
    <subfield code="b">Gamma</subfield>
  </datafield>
  <datafield tag="260" ind1=" " ind2=" ">
    <subfield code="c">2009</subfield>
  </datafield>
  <datafield tag="500" ind1=" " ind2=" ">
    <subfield code="a">Disco interactivo con juegos y actividades para ni&#xF1;os de 0 a 10 a&#xF1;os.</subfield>
  </datafield>
  <datafield tag="500" ind1=" " ind2=" ">
    <subfield code="a">Este disco compacto viene acompa&#xF1;ado del libro T&#xE9;cnicas de la motivaci&#xF3;n infantil en la educaci&#xF3;n infantil. Tomo I. 0 a 2 a&#xF1;os. 371.3/T525t.</subfield>
  </datafield>
  <datafield tag="650" ind1=" " ind2=" ">
    <subfield code="a">HEMISFERIOS </subfield>
    <subfield code="9">42608</subfield>
  </datafield>
  <datafield tag="650" ind1=" " ind2=" ">
    <subfield code="a">DESTREZA VISUAL</subfield>
    <subfield code="9">42609</subfield>
  </datafield>
  <datafield tag="650" ind1=" " ind2=" ">
    <subfield code="a">DESTREZA AUDITIVA</subfield>
    <subfield code="9">42610</subfield>
  </datafield>
  <datafield tag="942" ind1=" " ind2=" ">
    <subfield code="c">CD</subfield>
  </datafield>
  <datafield tag="999" ind1=" " ind2=" ">
    <subfield code="c">9391</subfield>
    <subfield code="d">9391</subfield>
  </datafield>
  <datafield tag="952" ind1=" " ind2=" ">
    <subfield code="0">0</subfield>
    <subfield code="1">0</subfield>
    <subfield code="4">0</subfield>
    <subfield code="7">0</subfield>
    <subfield code="a">BACB</subfield>
    <subfield code="b">BACB</subfield>
    <subfield code="d">2017-05-12</subfield>
    <subfield code="l">1</subfield>
    <subfield code="o">775 DC</subfield>
    <subfield code="p">775DC</subfield>
    <subfield code="r">2017-06-09 00:00:00</subfield>
    <subfield code="s">2017-05-12</subfield>
    <subfield code="w">2017-05-12</subfield>
    <subfield code="y">CD</subfield>
  </datafield>
</record>
